000 00510nam a2200217Ia 4500
003 OSt
005 20220928144444.0
006 a|||||r|||| 00| 0
007 ta
008 220927b |||||||| |||| 00| 0 eng d
024 _a68814
037 _cTextual
040 _aSDCL
_cSDCL
_beng
041 _2eng
_aeng
082 _aQ1x, N8
100 _aPriyavrat
_9507739
245 0 _aVed ka rashtriya geet.
260 _c1998
942 _hQ1x, N8
_cTEXL
_2CC
999 _c827251
_d827251